| 000 | 00637nam a22002297a 4500 | ||
|---|---|---|---|
| 001 | 00910 | ||
| 003 | DO-SdBNP | ||
| 005 | 20180202093924.0 | ||
| 007 | 00910 | ||
| 008 | 160725b 1984 ag 00| 0 spa d | ||
| 020 | _a9501503771 | ||
| 040 |
_aBPMSU _bspa _cBPMSU |
||
| 092 |
_axxxxxxxx _bxxxxxxxx |
||
| 100 | 1 | _aBach, Richard | |
| 245 | 1 | 3 |
_aEl puente hacia el infinito / _cRichard Bach ; traducción Edith Zilli |
| 260 |
_aBarcelona, España : _bJavier Vergara, _c1984. |
||
| 300 |
_a357 p. : _c21 cm. |
||
| 700 |
_aZilli, Edith, _etr. |
||
| 942 |
_2ddc _cBK |
||
| 945 | _aInventariado, 2018/ YL | ||
| 956 |
_aBTAVÁREZ _b10 _c20162507 _d00910 |
||
| 999 |
_c11020 _d11020 |
||